000 00822cam a22002531 4500
001 000010764
003 DO-SdBNP
005 20250626113449.0
008 720308s1954 xx 000 0 eng
010 _a54009314
035 _a(OCoLC)258928
040 _aDO-SdBNP
_bspa
_cBNPHU
049 _aBNGR
082 _a512
_bS642u
100 1 _aSmith, Edwin R.
_q(Edwin Raymond),
_db. 1879.
_925975
245 1 0 _aUnderstanding college álgebra /
_c[by] Edwin R. Smith, Samuel Selby [and] Murray Kleiman.
260 _aNew York, :
_bHolt, Rinehart and Winston,
_c[1954].
300 _axvi, 573 p. :
_billus. ;
_c23 cm.
650 0 _aÁlgebra
_925976
700 1 _aSelby, Samuel M.,
_d1904-
_ejoint author.
_925977
700 1 _aKleiman, Murray,
_ejoint author.
_925978
910 _aCatalogación derivada
942 _2ddc
_cLBS1
999 _c10518
_d10518